00441 2200157 4500001002100000005001500021035002000036245009000056100001500146300002500161260004100186082000800227084001400235020002200249990001200271INLIS00000000000332920251222095145 a0010-12250001501 aKedahsyatan Otak Tengah :bMenyeimbangkan Otak Kanan & Otak Kiri /cAde Wijaya, S.Psi0 aAde Wijaya a94 hlm ;c14 x 21 cm aYogyakarta :bDafa Publishing,c2010 a600 a600 ADE k a978-602-95153-5-0 a0754473